000 02572nam a2200505 c 4500
003 BLK
005 20240322005338.0
008 180409b bul|||||r ||||||| ||bul||
010 _aKNG00140467000
040 _aBLK
041 _aBUL
_cBUL
072 7 _2bullib
_aК
_xКраезнание
080 _aБългарска литература
_b821.163.2
_x-94
_z821.163.2-94
080 _aАприлско въстание (1876). Четата на Хр. Ботев
_b94(497.2)"1876"
_x(093.3)
_z94(497.2)"1876"(093.3)
100 _aСтоянов, Захарий
_gСтоянов, Захари
_d1850-1889
_qДжедев, Джендо Стоянов
_9364101
245 1 0 _aЗаписки по българските въстания
_bРазказ на очевидци : 1870 - 1876 : Т. 1 - 3
_cЗахари Стоянов ; Ред. колегия Богомил Райнов и др
_nТ. 2
257 _aBGR
260 _bБълг. писател
_c1967 -
_aСофия
300 _c19 см
_a200 с.
380 _aX
490 _aБиблиотека Български писатели
_9458671
500 _aИстинското име на авт. е Джендо Стоянов Джедев Далакчиев. - Други ред. : Г. Караславов, Г. Цанев, Е. Каранфилов, К. Калчев, Н. Фурнаджиев, Н. Хайтов, П. Зарев. - 20 100 тир.
650 7 _aАприлско въстание, 1876 г.
_2
_9147292
651 4 _aБългария
_9241624
653 _aАприлско въстание
653 _aбългарска история
659 _aК
700 1 _aРайнов, Богомил
_eред. кол.
_9377616
700 1 _aДжедев, Джендо Стоянов
_e*
_9324456
700 1 _aКараславов, Георги Славов
_e*
_9366141
700 1 _aЦанев, Георги
_e*
_gАнгелов, Георги Цанев
_9367849
700 1 _aКаранфилов, Ефрем
_e*
_9367837
700 1 _aЗарев, Пантелей
_e*
_gПантев, Пантелей Йорданов
_9365745
760 1 _aСтоянов, Захари
_d1967
_h396 с.
_nПодв.
_tТ. 2
852 _aЦб 43016
856 4 _qpdf
_i0.00
_ldisable
856 4 _qpdf
_i0.00
_ldisable
942 _cKNG
_n0
_01
_s1
944 _aCR
_c07.03.2013
_lCRON CRON
_k
944 _aED
_c07.03.2013
_l07.03.2013 - от С1,Р / 07.03.2013
999 _c134553
_d134553
999 _d134553
999 _d134553
999 _d134553